| 000 | 00608nam a2200205 a 4500 | ||
|---|---|---|---|
| 005 | 20250503063845.0 | ||
| 008 | 991125s1996 mx 000 0 spa u | ||
| 020 | _a9684762100 | ||
| 035 | _aUPN01000013809 | ||
| 049 | _aCG | ||
| 050 | 4 |
_aJC421 _bN6.28 |
|
| 100 | 1 | _aNovack, George | |
| 245 | 1 | 0 |
_aDemocracia y revolución : _bde los griegos a nuestros días / _cGeorge Novack ; tr. Antonio Durán. |
| 260 |
_aMéxico : _bFontamara, _c1996. |
||
| 300 | _a298 p | ||
| 440 | 0 |
_aFontamara ; _v148 |
|
| 650 | 4 |
_aDemocracia _xEstudio y enseñanza _95269 |
|
| 650 | 4 |
_aCiencias políticas _96023 |
|
| 905 | _aLibro | ||
| 999 |
_c13809 _d13809 |
||